| 000 | 00750cam a22002653a 4500 | ||
|---|---|---|---|
| 001 | 26582 | ||
| 003 | PGUSA | ||
| 005 | 20140828083555.0 | ||
| 008 | 080901s2008||||xxu|||||s|||||000 1 eng d | ||
| 040 |
_aPGUSA _beng |
||
| 042 | _adc | ||
| 050 | 4 | _aPS | |
| 100 | 1 |
_aStratton-Porter, Gene, _d1863-1924 |
|
| 245 | 1 | 0 |
_aMichael O'Halloran _h[electronic resource] / _cGene Stratton-Porter |
| 260 |
_bProject Gutenberg, _c2008 |
||
| 506 | _aPublic domain in the USA. | ||
| 516 | _aElectronic text | ||
| 653 | _aCity and town life -- Fiction | ||
| 653 | _aIndiana -- Fiction | ||
| 653 | _aDidactic fiction | ||
| 653 | _aOrphans -- Fiction | ||
| 830 | 0 |
_aProject Gutenberg _v26582 |
|
| 856 | 4 | 0 | _uhttp://www.gutenberg.org/ebooks/26582 |
| 942 | _cEB | ||
| 999 |
_c255837 _d255837 |
||